Language Quiz

Random Language or Asia Quiz

'Say Cheese!' Around the World Quiz Stats

Quiz Updated May 26, 2018

Challenge
Share
Tweet
Embed
Score 0/16 Timer 04:00
2 Plays Today
% Correct
Fromage!
92%
Cheese!
89%
¡Queso!
85.2%
Formaggio!
83.5%
Сыр!
77.6%
جبنة!
70.2%
Käse!
69.9%
起司!
67.7%
% Correct
Caseum!
67.4%
Kaas!
59.3%
치즈!
59.2%
Τυρί!
57%
チーズ!
55.1%
Phô mai!
51.6%
Sajt!
38.7%
Sýr!
30.4%

You're not logged in!

Compare scores with friends on all Sporcle quizzes.
Join for Free
OR
Log In

You Might Also Like...

Show Comments

Extras

Top Quizzes Today


Score Distribution

Your Account Isn't Verified!

In order to create a playlist on Sporcle, you need to verify the email address you used during registration. Go to your Sporcle Settings to finish the process.

Report this User

Report this user for behavior that violates our Community Guidelines.

Details: